| 000 | 00653nam a2200205Ii 4500 | ||
|---|---|---|---|
| 003 | JO-AjNU | ||
| 008 | 230605s9999||||xx |||||||||||||| ||und|| | ||
| 040 |
_aJO-AjNU _bara _erda _cJO-AjNU |
||
| 041 | _aara | ||
| 050 | 1 | 4 | _aPJ6161.A2 1982 |
| 100 | 3 |
_aحسين،عبد القادر, _eauthor _910238 |
|
| 245 | 0 | 0 | _aالمختصر في تاريخ البلاغة |
| 250 | _aط1 | ||
| 264 | 3 | 1 | _aالقاهرة: دار الشروق، 1982 |
| 300 | _a250ص | ||
| 336 |
_atext _btxt _2rdacontent |
||
| 337 |
_aunmediated _bn _2rdamedia |
||
| 338 |
_avolume _bnc _2rdacarrier |
||
| 650 | 4 |
_aالمختصر في تاريخ البلاغة-البلاغة _910239 |
|
| 999 |
_aA1705 _c5273 _d5273 |
||